On This Day: April 10th II Quiz Stats

 Plays Quiz Updated Apr 10, 2018

Score 0/7 Timer 03:00
0 Plays Today
Question Answer Wrong Answers
This Egyptian actor and screenwriter, known for roles in films like ‘Lawrence of Arabia’ and ‘Doctor Zhivago’, is born.
1932
Omar Sharif
90.9%
Nour El-Sherif
2.8%
Rushdy Abaza
1.3%
Youssef Chahine
2.2%
A day after surrendering to Union forces at Appomattox Court House, this Confederate General addresses his troops for the last time.
1865
Robert E. Lee
84.3%
Ulysses S. Grant
7%
Stonewall Jackson
5.4%
George B. McClellan
1.4%
This holiday, in which individuals and groups are encouraged to plant trees, is celebrated in America for the first time in Nebraska City, Nebraska.
1872
Arbor Day
78.4%
Earth Day
15.9%
Forest Day
2.9%
Science Day
0.6%
This leading figure in the Mexican Revolution is ambushed and shot dead by government forces in his home state of Morelos.
1919
Emiliano Zapata
68.3%
Benito Juárez
21.2%
Porfirio Díaz
5.1%
Lázaro Cárdenas
2.6%
Mount Tambora on the island of Sumbawa, ______, begins a three-month-long eruption, killing thousands and affecting Earth’s climate for the next two years.
1815
Indonesia
65.4%
New Zealand
4.7%
Maldives
3.6%
Fiji
24.8%
The RMS Titanic sets sail from ______, England, on her maiden and only voyage.
1912
Southampton
55%
Portsmouth
14.1%
London
6.3%
Liverpool
22.2%
The Statute of Anne, the first law regulating ______, comes into force in Great Britain.
1710
Copyright
42.3%
Commerce
18%
Trade
28.7%
Pollution
10.9%

You're not logged in!

Compare scores with friends on all Sporcle quizzes.
OR
Log In

Sporcle TV

Today on Sporcle TV


Watch our educational content, quiz creation guides, and fun videos on Sporcle TV.

Show Comments

Extras

Top Quizzes Today


Score Distribution

Your Account Isn't Verified!

In order to create a playlist on Sporcle, you need to verify the email address you used during registration. Go to your Sporcle Settings to finish the process.

Report this User

Report this user for behavior that violates our Community Guidelines.

Details: